| 000 | 01174nam a22003131c 4500 | ||
|---|---|---|---|
| 001 | 006241 | ||
| 003 | RU-10907106 | ||
| 005 | 20211006110854.0 | ||
| 008 | 181211s2015 gw |||| 000u ger d | ||
| 020 |
_a9783835327283 _a978-383-531-5280 _9978-383-532-7283 |
||
| 040 |
_cRU-10907106 _aRU-10907106 _bger |
||
| 041 | _ager | ||
| 100 | 1 | _aMiddelberg, Mathias | |
| 245 | 0 | 0 |
_a"Wer bin ich, dass ich über Leben und Tod entscheide?" : _bHans Calmeyer - "Rassereferent" in den Niederlanden 1941-1945 |
| 264 |
_aGöttingen : _bWallstein Verlag, _c2015 |
||
| 300 | _a1 online resource (273 pages) | ||
| 336 |
_aText _btxt _2rdacontent |
||
| 337 |
_aComputermedien _bc _2rdamedia |
||
| 338 |
_aOnline-Ressource _bcr _2rdacarrier |
||
| 500 | _aE-Book-ProQuest / Fernzugriff nach Registrierung möglich | ||
| 600 | 0 | _aCalmeyer, Hans | |
| 650 | 0 | _aJuden | |
| 650 | 0 | _aRettung | |
| 651 | 0 | _aNiederlande | |
| 655 | 0 | _aFernzugriff | |
| 776 | 0 | 8 |
_iErscheint auch als _nPrint-Ausgabe _tWer bin ich, dass ich über Leben und Tod entscheide _w9783835315280-nbs |
| 856 | 4 | _uhttps://ebookcentral.proquest.com/lib/maxweberstiftung-ebooks/detail.action?docID=2006241 | |
| 942 |
_cEB _2z |
||
| 999 |
_c52880 _d52880 |
||